000 00695cam a2200241 a 4500
001 3733612
005 20180307070450.0
008 811002s1982 tnua b s001 0 eng
010 _a 81016020
020 _a087049340X :
_c$23.50
020 _a0870493418 (pbk.) :
_c$12.50
040 _aDLC
_cDLC
_dDLC
041 _aeng
043 _an-usa--
080 _a330.975 ELL
082 0 0 _a330.975 ELL
_219
100 1 _a16
101 _aHIS
245 1 0 _aMiners, millhands, and mountaineers :
_cby Ronald D. Eller.
504 _aBibliography: p. 243-262.
906 _a7
_bcbc
_corignew
_d1
_eocip
_f19
_gy-gencatlg
942 _2ddc
_cBK
999 _c44288
_d44288